000 00313nam a2200133 a 4500
003 0
005 20240731123734.0
008 030502s19uu xx 00 eng d
050 _aVHS 400
_bR 02
100 _aDe Bergerac, Cyrano
245 _aFrench /
_cCyrano de Bergerac.
942 _cAVM
_2lcc
999 _c108529
_d108529